| 000 | 02841nam a22004217a 4500 | ||
|---|---|---|---|
| 003 | CHAP | ||
| 005 | 20240521131714.0 | ||
| 007 | ta | ||
| 008 | 221028s2016 |||edoefr||||a001 0 spa d | ||
| 040 | _amxchpua | ||
| 090 |
_aT.C.888 _bP47 EIUPA _c2016 |
||
| 245 | 1 | 0 |
_aReporte de la fase de campo del curso en la empresa industrias MAYASEC S.A, República de Panamá / _ccoordinador Artemio Pérez López ; colaboradores Mayra Carranza Gómez...[y otros] |
| 260 |
_aChapingo, México : _bEl autor, _c2016 |
||
| 300 |
_aca. 200 hojas : _bgráficas, mapas, fotos, planos |
||
| 336 |
_2rdacontent _atexto _btxt |
||
| 337 |
_2rda media _ano mediado _bn |
||
| 338 |
_2rdacarrier _avolumen _bnc |
||
| 500 | _aGrado: 7° año | ||
| 502 |
_aViaje de Estudios _b(EIUPA) -- _cUACh. Departamento de Ingeniería Agroindustrial, _d2016 |
||
| 504 | _aIncluye bibliografías | ||
| 505 | 0 | _aContiene 6 planos: -- 1. Plano de distribución de áreas (Esc.1:50) -- 2. Plano de área planta alta(Esc. 1:50) -- 3. Plano distribución de equipo (Esc. 1:50) -- 4. Diagrama de toma decisiones -- 5. Diagrama de toma de decisiones 2 -- 6. Diagrama de flujo del proceso de producción de platanitas | |
| 650 | 1 | 3 |
_9154266 _aBocados (comida) |
| 650 | 1 | 3 |
_9148414 _aIndustria de la confitería _xOrganización industrial y estructura de mercado _zPanamá |
| 650 | 1 | 3 |
_9185401 _aGolosinas _xCalidad del producto _zPanamá |
| 650 | 1 | 3 |
_9154268 _aSnack foods |
| 650 | 1 | 3 |
_9159498 _aConfectionary industry _xIndustrial organization and market structure _zPanama |
| 650 | 1 | 3 |
_9158341 _aCandy _xProduct quality _zPanamá |
| 700 | 1 |
_9149931 _aPérez López, Artemio _ecoordinador |
|
| 700 | 1 |
_9135486 _aCarranza Gómez, Mayra _ecolaboradora |
|
| 856 | 4 | 1 |
_uhttp://10.13.5.2/ve/T_C_888_EIUPA/T_C_888_EIUPA_2016-REPORTE_pdf _yDESCARGAR REPORTE |
| 856 | 4 | 1 |
_uhttp://10.13.5.2/ve/T_C_888_EIUPA/T_C_888_EIUPA_2016-PLANO_DE_DISTRIBUCION_DE_EQUIPO_pdf _yDESCARGARr PLANO DE DISTRIBUCIÓN DE EQUIPO |
| 856 | 4 | 1 |
_uhttp://10.13.5.2/ve/T_C_888_EIUPA/T_C_888_EIUPA_2016-PLANO_DE_DISTRIBUCION_DE_AREAS_PROPUESTA_pdf _yDESCARGAR PLANO DE DISTRIBUCIÓN DE ÁREAS PROPUESTA |
| 856 | 4 | 1 |
_uhttp://10.13.5.2/ve/T_C_888_EIUPA/T_C_888_EIUPA_2016-PLANO_DE_DISTRIBUCION_DE_AREAS_pdf _yDESCARGAR PLANO DE DISTRIBUCIÓN DE ÁREAS |
| 856 | 4 | 1 |
_uhttp://10.13.5.2/ve/T_C_888_EIUPA/T_C_888_EIUPA_2016-PLANO_DE_AREAS_pdf _yDESCARGAR PLANO DE ÁREAS |
| 856 | 4 | 1 |
_uhttp://10.13.5.2/ve/T_C_888_EIUPA/T_C_888_EIUPA_2016-DIAGRAMA_DE_TOMA_DE_DECISIONES_pdf _yDESCARGAR DIAGRAMA DE TOMAS DE DECISIONES |
| 856 | 4 | 1 |
_uhttp://10.13.5.2/ve/T_C_888_EIUPA/T_C_888_EIUPA_2016-DIAGRAMA_DE_TOMA_DE_DECISIONES_2_pdf _yDESCARGAR DIAGRAMA DE DECISIONES 2 |
| 856 | 4 | 1 |
_uhttp://10.13.5.2/ve/T_C_888_EIUPA/T_C_888_EIUPA_2016-DIAGRAMA_DE_FLUJO_DE_PROCESO_pdf _yDESCARGAR DIAGRAMA DE FLUJO DE PROCESO |
| 999 |
_c217689 _d217689 |
||